| 000 | 01043nam a2200241 i 4500 | ||
|---|---|---|---|
| 001 | 46567 | ||
| 003 | ES-MaACL | ||
| 005 | 20251011063105.0 | ||
| 007 | t| | ||
| 008 | 030409s1887 sp ||||1| spa d | ||
| 100 | 1 |
_aCospedal Tomé, Antonio María, _d1855-1949 _941003 |
|
| 245 | 1 | 0 |
_aDiscursos leídos en la sesión inaugural del año académico de 1886-87 de la Sociedad Ginecológica Española verificada el día 2 de febrero de 1887 / _cpor los doctores D. Antonio María Cospedal Tomé, secretario general, y D. Ramón García Baeza y Frau, socio numerario. |
| 260 |
_aMadrid : _b[s.n.], _c1887 ( _fImp. de F. Maroto e Hijos) |
||
| 300 |
_a96 p. ; _c24 cm. |
||
| 500 | _aTema del discurso de R. García Baeza y Frau: "La sordo-mudez en la infancia" | ||
| 650 | 4 |
_aSordera. _9150814 |
|
| 700 | 1 |
_aGarcía Baeza y Frau, Ramón. _954212 |
|
| 710 | 2 |
_aSociedad Ginecológica Española. _96779 |
|
| 852 |
_aES-MaACL _jT-452-F-10 |
||
| 852 |
_aES-MaACL _jT-682-F-8 |
||
| 852 |
_aES-MaACL _jFol-Laf-129 |
||
| 999 |
_c46567 _d46567 |
||